Green Day : kompletní příběh /

Hlavní autor: Baldwin, Shane, -2024
Korporativní autor: Green Day (hudební skupina)
Další autoři: Bienstock, Richard, Crossley, Neil, Jam, Jimmy, 1959-, James, Darren, Livermore, Larry, 1947-, Purdy, Kate, Rowley, Scott, Winwood, Ian, Yates, Henry, Klíma, Vojtěch, 1988-, Guryča, Richard
Jazyk: Čeština
Vydáno: Brno : Extra Publishing, 2025
Vydání: Vydání první
Edice: Bookazine
Témata:
Fyzický popis: 130 stran : ilustrace (převážně barevné), portréty ; 30 cm
Language note: Český text
Knihy
Uloženo v:
LEADER 03353nam a2200805 i 4500
001 nkc20253672146
003 CZ PrNK
005 20250306093830.0
007 ta
008 250210s2025 xr ac e 000 0dcze
015 |a cnb003672146 
020 |a 978-80-7525-703-1  |q (brožováno) :  |c Kč 299,00 
035 |a (OCoLC)1505965688 
040 |a BOA001  |b cze  |d ABA001  |e rda 
041 1 |a cze  |h eng 
043 |a n-us--- 
045 |a x-y- 
072 7 |a 78.07  |x Hudebníci, skladatelé a jiná hudební povolání  |2 Konspekt  |9 9 
080 |a 785.16.071  |2 MRF 
080 |a 78.071.1/.2  |2 MRF 
080 |a 78.038.6.011.26  |2 MRF 
080 |a 78-027.22  |2 MRF 
080 |a (73)  |2 MRF 
080 |a (0:82-96)  |2 MRF 
100 1 |a Baldwin, Shane,  |d -2024  |7 xx0329042  |4 aut 
240 1 0 |a Story of Green Day.  |l Česky 
245 1 0 |a Green Day :  |b kompletní příběh /  |c autoři: Shane Baldwin, Richard Bienstock, Neil Crossley, James Jam, Darren James, Larry Livermore, Kate Purdy, Scott Rowley, Ian Windwood, Henry Yates ; překlad a redakce: Vojtěch Klíma, Richard Guryča 
246 3 |a Kompletní příběh Green Day 
250 |a Vydání první 
264 1 |a Brno :  |b Extra Publishing,  |c 2025 
300 |a 130 stran :  |b ilustrace (převážně barevné), portréty ;  |c 30 cm 
336 |a text  |b txt  |2 rdacontent 
336 |a statický obraz  |b sti  |2 rdacontent 
337 |a bez média  |b n  |2 rdamedia 
338 |a svazek  |b nc  |2 rdacarrier 
490 1 |a Bookazine,  |x 2571-4007 
500 |a Přeloženo z angličtiny 
500 |a Obálkový podnázev: 100% neoficiální 
546 |a Český text 
610 2 7 |a Green Day (hudební skupina)  |7 xx0023999  |2 czenas 
648 7 |a 20.-21. století  |7 ch462155  |2 czenas 
650 0 7 |a hudební skupiny  |7 ph120924  |z Spojené státy americké  |y 20.-21. století  |2 czenas 
650 0 7 |a rockoví hudebníci  |7 ph125178  |z Spojené státy americké  |y 20.-21. století  |2 czenas 
650 0 7 |a punk (hudba)  |7 ph224427  |z Spojené státy americké  |2 czenas 
650 0 7 |a hudební život  |7 ph135177  |y 20.-21. století  |2 czenas 
650 0 9 |a musical groups  |z United States  |y 20th-21st centuries  |2 eczenas 
650 0 9 |a rock musicians  |z United States  |y 20th-21st centuries  |2 eczenas 
650 0 9 |a punk rock music  |z United States  |2 eczenas 
650 0 9 |a musical life  |y 20th-21st centuries  |2 eczenas 
655 7 |a literatura faktu  |7 fd132773  |2 czenas 
655 9 |a non-fiction  |2 eczenas 
700 1 |a Bienstock, Richard  |7 xx0229114  |4 aut 
700 1 |a Crossley, Neil  |7 xx0270343  |4 aut 
700 1 |a Jam, Jimmy,  |d 1959-  |7 xx0083010  |4 aut 
700 1 |a James, Darren  |4 aut 
700 1 |a Livermore, Larry,  |d 1947-  |7 xx0329048  |4 aut 
700 1 |a Purdy, Kate  |7 xx0329051  |4 aut 
700 1 |a Rowley, Scott  |7 xx0270350  |4 aut 
700 1 |a Winwood, Ian  |7 xx0329056  |4 aut 
700 1 |a Yates, Henry  |7 xx0263836  |4 aut 
700 1 |a Klíma, Vojtěch,  |d 1988-  |7 xx0264868  |4 edt  |4 trl 
700 1 |a Guryča, Richard  |7 av20221149961  |4 edt  |4 trl 
710 2 |a Green Day (hudební skupina)  |7 xx0023999  |4 oth 
830 0 |a Bookazine  |0 s 
910 2 |a BOA001  |b 4-1537.954 
990 |a BK 
995 |a 01 
991 |b 202502  |c NOV 
996 6 |b 2610995071  |c 4-1537.954  |l MZK  |r Sklad / do 1 hodiny  |n 0  |p p.v.  |w 001995282  |u 000010  |a 1  |e BOA001  |j MZK50  |s P 
996 7 |b 2610995072  |c 4-1537.954  |l MZK  |r Sklad / do 1 hodiny  |n 1  |p p.v.  |w 001995282  |u 000020  |a 1  |e BOA001  |j MZK50  |s A